000 00355nam a2200133Ia 4500
008 231019s9999 xx 000 0 und d
082 _a657.076
_bLYN-M
100 _aFoulks Lynch
245 0 _aCAT Advanced Level Paper 10 Managing Finances Study Text.
260 _aUK
_bKaplan Publishing
_c2009-10
300 _a439
650 _aAccounting
999 _c34543
_d34543